Tennis : John McEnroe, ses exploits, son jeu, sa personnalité - Statistiques

Statistiques générales
  • Ce quiz a été pris 35 fois
  • Le résultat moyen est 9 sur 16
Statistiques - réponses
Questions Réponses % Correct
Pays pour le compte duquel John McEnroe a joué tout au long de sa carrière. Les États-Unis d'Amérique
100%
Rival tchécoslovaque de John McEnroe qui le battit à 31 reprises en matchs officiels dont une épique finale de Roland-Garros pour 15 victoires de Mac et à 16 reprises en matchs sur invitation pour 11 victoires de Mac. Ivan Lendl
83%
Rival suédois de John McEnroe qui le battit lors d'une finale mémorable en cinq manches de Wimbledon en 1980, malgré une victoire de Mac, 18/16 dans le jeu décisif de la 4e manche. Mac prit sa revanche l'année suivante ainsi que lors des Internationaux des États-Unis de 1980 et 1981. Björn Borg
80%
Rival compatriote de John McEnroe qu'il battit à 20 reprises pour 14 défaites en matchs officiels et à 9 reprises lors de matchs sur invitation pour 6 défaites. Ils se sont affrontés deux fois en finale de Wimbledon pour une victoire chacun. James Scott Connors dit Jimmy Connors
80%
Année au cours de laquelle John McEnroe ne perdit que 3 matchs en simple (dont la finale de Roland-Garros évoquée à la question #7) pour 82 victoires, en matchs officiels, année au cours de laquelle il remporta Wimbledon (simple et double) et les Internationaux des États-Unis, pour une domination sans partage et inégalée sur le tennis mondial. 1984
77%
Trophée que John McEnroe remporta à cinq reprises, avec son pays, à une époque où l'épreuve n'intéressait plus les plus grands champions car elle ne payait pas. La Coupe Davis
77%
Matériau constitutif des deux premières raquettes de John McEnroe en tant que pro, type de raquettes qui convenait parfaitement à son jeu tout en finesse et en tactique. La transition vers les raquettes synthétiques modernes ont un temps aidé à sa domination avant d'entamer son déclin tant elle favorisait le jeu de puissance. Le bois
73%
Base du jeu de John McEnroe qui a radicalement disparu au XXIe siècle : le service-___. Volée
73%
Pays où naquit John McEnroe, le 16 février 1959. Son père y était de service à l'armée au moment de sa naissance. L'Allemagne (Wiesbaden)
53%
Ville dans laquelle John McEnroe a grandi, après le retour de son père au pays. New York
53%
Complétez cette célèbre crise de colère de John McEnroe adressée à l'arbitre de chaise Edward James, lors du premier tour de Wimbledon 1981, le 22 juin, contre son compatriote Tom Gullikson : "You cannot be _____. That ball was on the line. Chalk flew up. It was clearly in. How can you possibly call that out? How many you can miss ? [...] Everyone knows it's in, in the stadium and you call that out?" Serious
53%
Pays d'origine de John McEnroe par son père. Ses grands-parents paternels s'en sont expatriés. L'Irlande
50%
Maître incontesté du "pop art". Passionné d'art, John McEnroe a fondé une galerie, la "John McEnroe Gallery", exposant notamment des œuvres de cet artiste d'origine ruthène qui lui avait, au reste, dressé le portrait au temps où il était encore joueur de tennis professionnel. Andy Warhol
30%
Particularité psychique dont serait atteint John McEnroe aux dires de sa compagne Patty Smyth qui pointe du doigt ses habitudes routinières, ses aptitudes mathématiques, ses sensibilités sensorielles et ses passions intenses pour l'art et la guitare. Cela pourrait également expliquer son tempérament de feu sur un terrain, son perfectionnisme et son intelligence de jeu. À ce jour, Mac est d'accord pour dire que c'est très probable. L'autisme (trouble du spectre autistique)
27%
Acteur belge qui joue le rôle du personnage principal du film "Du jour au lendemain" (2006), personnage à qui il a été rappelé la finale de Roland-Garros perdue par John McEnroe contre son rival Tchécoslovaque (réponse #7). Benoit Poelvoorde
13%
Acteur d'origine cadienne (cajun) par son père, juive par sa mère, converti au catholicisme vers 2022. Il incarne John McEnroe dans le film biographique de Janus Metz sorti en 2017 au sujet de sa rivalité avec le champion suédois évoqué plus haut (réponse #6). Il est aussi connu pour son rôle dans la série La Guerre des Stevens. Shia LaBeouf
13%
Aucun quiz correspondant
Distribution des résultats
% des personnes avec chaque résultat
Percentile par nombre de réponses
Votre historique - résultats
Vous n’avez pas pris ce quiz